¿Hay fascismo en América Latina? /
Kaydedildi:
| Yazar: | |
|---|---|
| Materyal Türü: | Metin |
| Etiketler: |
Etiketle
Etiket eklenmemiş, İlk siz ekleyin!
|
MARC
| LEADER | 00000 a a2200000 04500 | ||
|---|---|---|---|
| 001 | 16395 | ||
| 003 | |||
| 040 | |||
| 100 | |a Soares, José | ||
| 245 | |a ¿Hay fascismo en América Latina? / |c José Soares | ||
| 773 | |g número 12; páginas 48-92 | ||
| 999 | |c 21751 |d 21751 | ||
